Transmisión del calor por radiación: para diseño de naves espaciales y de plantas de fuerza solar

Uloženo v:
Podrobná bibliografie
Hlavní autor: Kreith, Frank (Autor)
Médium: Kniha
Jazyk:španělština
Vydáno: Ciudad de México Continental 1965
Témata:
Tagy: Přidat tag
Žádné tagy, Buďte první, kdo vytvoří štítek k tomuto záznamu!

MARC

LEADER 00000nam a2200000 a 4500
001 UCU3860
003 CL-VaPUC
008 960510e19650000MX |||||||||||||||||spa|d
082 0 4 |a 660.284  |b KRE  |2 21 
100 |a Kreith, Frank  |e author  |9 525458 
245 1 0 |a Transmisión del calor por radiación: para diseño de naves espaciales y de plantas de fuerza solar 
300 |a 281 p 
942 |c BK 
945 |d 19960510 00:00:00  |a lriquelm 
260 |a Ciudad de México  |b Continental  |c 1965 
650 0 |a Transmisión de calor  |9 259410 
650 7 |a RADIACION TERMICA  |2 CL-VaPUC  |9 361056 
650 0 |a Calor específico  |9 259409 
650 7 |a RADIACION SOLAR  |2 CL-VaPUC  |9 350685 
650 7 |a TEMPERATURA  |2 CL-VaPUC  |9 361057 
650 0 |a Satélites artificiales   |9 361058 
650 7 |a CAPSULAS ESPACIALES  |2 CL-VaPUC  |9 361059 
583 |a last modification  |c 19960510 00:00:00  |k Rodrigo Vera 
999 |c 247729  |d 247727